000 00292nam a22001337a 4500
008 181023b xxu||||| |||| 00| 0 eng d
020 _a2901416023509
041 _aeng
080 _28th
_a615.83
100 _a8
101 _aEGZ
245 _aMuscle Testing
_cHislop,H.J
942 _2udc
_cBK
999 _c50630
_d50630